[Event "London Classic Open 2017"]
[Site "London ENG"]
[Date "2017.12.09"]
[Round "9.87"]
[White "Wilks, Simon"]
[Black "Zhao, Haolin"]
[Result "1-0"]
[WhiteElo "2022"]
[BlackElo "1715"]
[WhiteFideId "427357"]
[BlackFideId "428680"]
[EventDate "2017.12.02"]

1. e4 c5 2. Nf3 g6 3. d4 cxd4 4. Qxd4 Nf6 5. e5 Nc6 6. Qa4 Nd5 7. Qe4 Nb6 8. Bb5
Bg7 9. Nc3 O-O 10. O-O d5 11. exd6 Bf5 12. dxe7 Nxe7 13. Qe2 Ned5 14. Nxd5 Qxd5
15. Rd1 Qc5 16. c3 Nd5 17. Nd4 Bc8 18. Nb3 Qd6 19. Qf3 Rd8 20. Bg5 f6 21. Bf4
Qe6 22. Bc4 g5 23. Rxd5 Rxd5 24. Bxd5 gxf4 25. Re1 Qxd5 26. Qxd5+ Kf8 27. Qd8+
Kf7 28. Qe8# 1-0

[Event "London Classic Open 2017"]
[Site "London ENG"]
[Date "2017.12.09"]
[Round "9.88"]
[White "Pollack, Oscar"]
[Black "Lee, Kyung Chan"]
[Result "1-0"]
[WhiteElo "2014"]
[BlackElo "1552"]
[WhiteFideId "429414"]
[BlackFideId "13205048"]
[EventDate "2017.12.02"]

1. e4 e5 2. Nf3 Nc6 3. Bb5 Nd4 4. Nxd4 exd4 5. O-O Bc5 6. d3 Ne7 7. Nd2 c6 8.
Bc4 d5 9. exd5 cxd5 10. Bb5+ Bd7 11. Bxd7+ Qxd7 12. Nb3 Rc8 13. Nxc5 Rxc5 14. b4
Rc6 15. Bb2 O-O 16. Bxd4 Rfc8 17. Bc5 b6 18. Bxe7 Qxe7 19. Qh5 Qxb4 20. Qxd5
Rxc2 21. Rfe1 Qd2 22. Qf3 h6 23. Rad1 Rc1 24. g3 Rxd1 25. Rxd1 Qxa2 26. d4 Qe6
27. Qb7 Rd8 28. Qxa7 Qg4 29. Qa1 Qf3 30. d5 b5 31. d6 Qc6 32. Qe5 Qd7 33. Qc5
Rc8 34. Qb6 Rd8 35. Kg2 Kf8 36. h4 Kg8 37. Rd3 Kf8 38. Kh2 Re8 39. Ra3 Rd8 40.
Ra6 Ke8 41. Qe3+ Kf8 42. Rb6 Qe6 43. Qd3 Kg8 44. Qd4 Kh8 45. Rc6 Kg8 46. Qb6 Qe8 1-0

[Event "London Classic Open 2017"]
[Site "London ENG"]
[Date "2017.12.09"]
[Round "9.89"]
[White "Siddharth, Gopakumar"]
[Black "Myall, Ivan J"]
[Result "1/2-1/2"]
[WhiteElo "1808"]
[BlackElo "2001"]
[WhiteFideId "5053463"]
[BlackFideId "425168"]
[EventDate "2017.12.02"]

1. e4 e5 2. Nf3 Nc6 3. d4 exd4 4. Nxd4 Nxd4 5. Qxd4 Ne7 6. Bc4 Nc6 7. Qe3 Bb4+
8. c3 Ba5 9. Qg3 Qf6 10. O-O Qg6 11. Qxg6 hxg6 12. Na3 Bb6 13. Re1 Ne5 14. Be2
d6 15. Nc4 Nxc4 16. Bxc4 f6 17. a4 a5 18. Be3 Bxe3 19. Rxe3 g5 20. Bd5 c6 21.
Bc4 Ke7 22. Rd1 Be6 23. Bxe6 Kxe6 24. Red3 Rhd8 25. c4 Rd7 26. Kf1 Rh8 27. h3
Ke5 28. f3 g6 29. Kf2 f5 30. Re1 f4 31. Red1 Rhd8 32. Rb3 Rc7 33. Ke2 Re7 34.
Rb6 Red7 35. Rd3 Rc8 36. Kd2 Ra8 37. Kc2 Rc8 38. Kb1 Rh8 39. Ka2 Rhh7 40. Kb1 g4
41. hxg4 Rh1+ 42. Kc2 Ra1 43. Kb3 Re1 44. Rd2 g5 45. c5 Rg1 46. cxd6 Rxd6 47.
Rxd6 Kxd6 48. Rxb7 Rxg2 49. Rg7 Ke5 50. Rxg5+ Kd4 51. Rf5 Ke3 52. e5 Kxf3 53. e6
Re2 54. g5 Rxe6 55. Rf6 Re5 56. g6 Rg5 57. Rxc6 Kg2 58. Kc4 f3 59. Rc5 Rxg6 60.
Rxa5 Rg4+ 61. Kd3 f2 62. Rf5 Rxa4 63. b3 Ra1 64. b4 Ra3+ 65. Ke2 Ra2+ 66. Kd3
f1=Q+ 67. Rxf1 Kxf1 68. Kc4 Ke2 69. b5 Rc2+ 70. Kd5 Kd3 71. b6 Rh2 72. b7 Rh8
73. Kc6 Kc4 74. Kc7 Kc5 75. b8=Q Rh7+ 76. Kc8 Rh8+ 77. Kc7 1/2-1/2

[Event "London Classic Open 2017"]
[Site "London ENG"]
[Date "2017.12.09"]
[Round "9.91"]
[White "Jekel, Wolfgang"]
[Black "Riedener, Toni"]
[Result "0-1"]
[WhiteElo "1787"]
[BlackElo "1989"]
[WhiteFideId "4690370"]
[BlackFideId "1302698"]
[EventDate "2017.12.02"]

1. Nf3 d5 2. e3 Bg4 3. Be2 e6 4. d4 Nf6 5. c4 c6 6. b3 Nbd7 7. O-O Bd6 8. Ba3
Bxa3 9. Nxa3 O-O 10. Nb1 Ne4 11. Qc2 f5 12. Nbd2 Qf6 13. Nxe4 dxe4 14. Ne5 Nxe5
15. dxe5 Qxe5 16. Bxg4 fxg4 17. Rad1 Rf6 18. Rd4 Rh6 19. g3 Qh5 20. h4 gxh3 21.
Qxe4 Qe2 22. Qd3 Qf3 23. Rd8+ Rxd8 24. Qxd8+ Kf7 25. Qd7+ Kf6 26. Qd8+ Kg6 27.
Qe8+ Kg5 28. Qe7+ Kh5 29. Qc5+ Kg6 0-1

[Event "London Classic Open 2017"]
[Site "London ENG"]
[Date "2017.12.09"]
[Round "9.92"]
[White "Sajjadi, Kimiya"]
[Black "Boger, Raymond"]
[Result "1-0"]
[WhiteElo "1876"]
[BlackElo "1986"]
[WhiteFideId "1516434"]
[BlackFideId "1507419"]
[EventDate "2017.12.02"]

1. d4 g6 2. e4 Bg7 3. Nc3 d6 4. Be3 Nc6 5. f4 Nh6 6. Nf3 Bg4 7. Be2 Bxf3 8. Bxf3
e5 9. Ne2 f5 10. exf5 Nxf5 11. Bxc6+ bxc6 12. Bf2 exd4 13. O-O Qf6 14. Qd3 O-O
15. c3 dxc3 16. Nxc3 d5 17. Na4 Nd6 18. Nc5 Qxf4 19. Ne6 Qf5 20. Qe3 Rae8 21.
Nxg7 Kxg7 22. Qc3+ Kg8 23. Qxc6 Rf7 24. Bxa7 Qe6 25. Rxf7 Qxf7 26. Rf1 Nf5 27.
g4 Ne7 28. Qd7 Nf5 29. Qxf7+ Kxf7 30. gxf5 Ra8 31. fxg6+ Kxg6 32. Bd4 Rxa2 33.
Rf6+ Kh5 34. Rc6 Ra1+ 35. Kg2 Rd1 36. Bf2 Kg4 37. Rxc7 Rd2 38. Rxh7 Rxb2 39. Rd7
Kf5 40. h4 d4 41. h5 Kg5 42. h6 Rb6 43. h7 Rh6 44. Bxd4 1-0

[Event "London Classic Open 2017"]
[Site "London ENG"]
[Date "2017.12.09"]
[Round "9.93"]
[White "Coleman, David J"]
[Black "Balaji, Aaravamudhan"]
[Result "1-0"]
[WhiteTitle "CM"]
[WhiteElo "2076"]
[BlackElo "1884"]
[WhiteFideId "402087"]
[BlackFideId "436224"]
[EventDate "2017.12.02"]

1. e4 e5 2. Nf3 Nc6 3. d4 exd4 4. Bc4 Bc5 5. c3 Nf6 6. e5 d5 7. Be2 Ne4 8. cxd4
Bb6 9. O-O O-O 10. Nc3 Bg4 11. Be3 Nxc3 12. bxc3 Ne7 13. Qc2 Ng6 14. h3 Bxf3 15.
Bxf3 Nh4 16. Be2 f5 17. f4 Qe7 18. Bd3 c5 19. g3 c4 20. Be2 Ng6 21. Bf3 Qe6 22.
Rfb1 Ne7 23. a4 Qc6 24. Bc1 Rf7 25. Ba3 g5 26. Bxe7 Rxe7 27. Rb5 Rd8 28. Qxf5 a6
29. Qxg5+ Rg7 30. Qxd8+ Bxd8 31. Bxd5+ Kf8 32. Bxc6 axb5 33. Bf3 Rxg3+ 34. Kf2
Bh4 35. axb5 Rxh3+ 36. Ke3 Rh2 37. Ra8+ Kg7 38. Ra7 Rc2 39. Rxb7+ Kf8 40. Rxh7
Rxc3+ 41. Ke2 Bd8 42. f5 Bb6 43. e6 1-0

[Event "London Classic Open 2017"]
[Site "London ENG"]
[Date "2017.12.09"]
[Round "9.94"]
[White "Peters, Stephen G"]
[Black "Clancy, Martin J"]
[Result "1-0"]
[WhiteElo "2050"]
[BlackElo "1855"]
[WhiteFideId "406040"]
[BlackFideId "2403404"]
[EventDate "2017.12.02"]

1. d4 Nf6 2. c4 g6 3. Nc3 Bg7 4. e4 d6 5. h3 O-O 6. Bg5 h6 7. Be3 e5 8. d5 Nbd7
9. Nf3 Nc5 10. Nd2 a5 11. Be2 Ne8 12. g4 Kh7 13. h4 f5 14. gxf5 gxf5 15. Bxc5
dxc5 16. exf5 Bxf5 17. Nde4 Nd6 18. Bd3 b6 19. Qe2 Qd7 20. O-O-O Kh8 21. Rdg1
Bxe4 22. Nxe4 Rf4 23. Rg6 Raf8 24. Rhg1 R8f7 25. Nxd6 cxd6 26. Qh5 R4f6 27. f4
Rxg6 28. Qxg6 Kg8 29. fxe5 dxe5 30. Qxb6 e4 31. Bxe4 Qe7 32. Qe6 1-0

[Event "London Classic Open 2017"]
[Site "London ENG"]
[Date "2017.12.09"]
[Round "9.95"]
[White "Hughes, Anthony"]
[Black "Johansson, Toni"]
[Result "0-1"]
[WhiteTitle "CM"]
[WhiteElo "1810"]
[BlackElo "2049"]
[WhiteFideId "1803093"]
[BlackFideId "1703269"]
[EventDate "2017.12.02"]

1. d4 g6 2. Nf3 Bg7 3. g3 c5 4. c3 Nf6 5. Bg2 O-O 6. O-O cxd4 7. cxd4 d5 8. Nc3
Nc6 9. Bf4 Bf5 10. Rc1 Rc8 11. Qd2 Ne4 12. Nxe4 dxe4 13. Ng5 Qxd4 14. Rfd1 Rfd8
15. Qc2 Qxb2 16. Qc4 Rxd1+ 17. Rxd1 Qf6 18. Nxe4 Qe6 19. Qa4 b5 20. Qa6 Nd4 21.
Qb7 Nxe2+ 22. Kh1 Bxe4 23. Bxe4 Nxf4 24. gxf4 Rf8 25. Rd7 Bf6 26. Bd5 Qe2 27.
Kg2 Qg4+ 28. Kf1 Qxf4 29. Qxb5 Bd4 30. Qe2 Rc8 31. Kg2 Qg5+ 32. Kh3 Rc3+ 33. f3
Qf5+ 34. Kg2 Qxd7 35. Qe4 Bf6 0-1

[Event "London Classic Open 2017"]
[Site "London ENG"]
[Date "2017.12.09"]
[Round "9.96"]
[White "Campos Chacon, Marco"]
[Black "Chilton, James I"]
[Result "1-0"]
[WhiteElo "2040"]
[BlackElo "1772"]
[WhiteFideId "32029217"]
[BlackFideId "423009"]
[EventDate "2017.12.02"]

1. e4 c5 2. d4 cxd4 3. c3 dxc3 4. Nxc3 e6 5. Nf3 Nc6 6. Bc4 a6 7. O-O b5 8. Bb3
Bb7 9. Re1 Nge7 10. Bg5 h6 11. Be3 Ng6 12. Nd5 exd5 13. exd5 Be7 14. dxc6 dxc6
15. Bc5 Qxd1 16. Raxd1 Rd8 17. Rxe7+ Nxe7 18. Re1 Rd7 19. Ne5 Rc7 20. Bd6 O-O
21. Bxc7 Nd5 22. Bd6 Rd8 23. Bc5 f6 24. Ng6 Kf7 25. Ne7 Re8 26. Re3 a5 27. Nxd5
cxd5 28. Rxe8 Kxe8 29. f3 Kd7 30. Kf2 f5 31. Ke3 g6 32. Kd4 Ke6 33. Bf8 a4 34.
Bc2 Bc6 35. Bxh6 1-0

[Event "London Classic Open 2017"]
[Site "London ENG"]
[Date "2017.12.09"]
[Round "9.97"]
[White "Robinson, James"]
[Black "Ditmas, Hugh"]
[Result "0-1"]
[WhiteElo "1754"]
[BlackElo "2004"]
[WhiteFideId "426784"]
[BlackFideId "1270666"]
[EventDate "2017.12.02"]

1. d4 Nf6 2. Nf3 e6 3. Bg5 c5 4. e3 Qb6 5. Bxf6 Qxb2 6. Nbd2 gxf6 7. Bd3 cxd4 8.
exd4 d5 9. O-O Qc3 10. Rb1 Qc7 11. c4 dxc4 12. Bxc4 Nd7 13. Rc1 Qa5 14. Re1 Nb6
15. Bb3 Be7 16. Ne4 Nd5 17. Nc5 Qd8 18. Ba4+ Kf8 19. Qd2 h5 20. Qb2 b6 21. Ne4
Bb7 22. Nc5 Bc8 23. Bc6 Rb8 24. Nd3 Bb7 25. Rc2 Bxc6 26. Rxc6 Kg7 27. Rec1 Bd6
28. g3 Qd7 29. R1c4 Rbc8 30. Qc2 Rxc6 31. Rxc6 Ne7 32. Rc3 Rc8 33. Kf1 Rxc3 34.
Qxc3 Qc7 35. Qxc7 Bxc7 36. Nb4 Bd6 37. Nc2 Nd5 38. Ne3 Nc3 39. d5 Nxd5 40. Nxd5
exd5 41. Nd4 Kg6 42. f4 Bc5 43. Nc6 b5 44. Ke2 Kf5 45. Kf3 Bb6 46. h3 Ke6 47. g4
hxg4+ 48. Kxg4 f5+ 49. Kf3 a5 50. Ne5 a4 51. h4 b4 52. Nd3 b3 53. axb3 axb3 0-1

[Event "London Classic Open 2017"]
[Site "London ENG"]
[Date "2017.12.09"]
[Round "9.98"]
[White "Skutta, Bernd"]
[Black "De Paolis, Fabrizio"]
[Result "1-0"]
[WhiteElo "1988"]
[BlackElo "1763"]
[WhiteFideId "4666950"]
[BlackFideId "822027"]
[EventDate "2017.12.02"]

1. d4 d5 2. Nf3 c6 3. Bf4 Qb6 4. Nc3 Qxb2 5. Bd2 Nf6 6. Rb1 Qa3 7. e4 dxe4 8.
Ne5 e6 9. Rb3 Qd6 10. Bf4 Qd8 11. Be3 Nbd7 12. Nc4 Be7 13. Nd2 O-O 14. Ncxe4
Nxe4 15. Nxe4 Nf6 16. Bd3 Nxe4 17. Bxe4 f5 18. Bf3 Bg5 19. O-O Bxe3 20. Rxe3 Qf6
21. c3 Rd8 22. Qb3 Kh8 23. Re5 g5 24. g3 g4 25. Bg2 h5 26. f3 Rd5 27. Rfe1 Rxe5
28. Rxe5 f4 29. Rxh5+ Kg7 30. Qc2 fxg3 31. Qh7+ Kf8 32. hxg3 gxf3 33. Bh3 f2+
34. Kf1 Qf3 35. Qh8+ Ke7 36. Rh7+ Kd6 37. Qd8+ 1-0

[Event "London Classic Open 2017"]
[Site "London ENG"]
[Date "2017.12.09"]
[Round "9.99"]
[White "Fuglesang, Michael W."]
[Black "Frank, Tena"]
[Result "0-1"]
[BlackTitle "WFM"]
[WhiteElo "1739"]
[BlackElo "1944"]
[WhiteFideId "1525077"]
[BlackFideId "4624297"]
[EventDate "2017.12.02"]

1. c4 c5 2. g3 Nf6 3. Bg2 e6 4. Nc3 Be7 5. e4 d6 6. Nge2 O-O 7. O-O Nbd7 8. d3
Rb8 9. Nf4 a6 10. a4 Ne8 11. Re1 Nc7 12. a5 Bf6 13. Ra3 Ne5 14. Na4 Na8 15. Be3
Nc6 16. Qd2 Re8 17. b3 Qxa5 18. Qxa5 Nxa5 19. Nh5 Nc6 20. Nxf6+ gxf6 21. Rb1 e5
22. Nc3 Nc7 23. Na2 b5 24. Bf3 Kg7 25. Bd1 Be6 26. cxb5 axb5 27. Nc1 f5 28. f3
fxe4 29. fxe4 f5 30. Rba1 Rf8 31. exf5 Bxf5 32. g4 Be6 33. Kg2 Bd5+ 34. Kg3 Rf7
35. R3a2 Rbf8 36. Bf2 Ne6 37. h4 Nb4 38. Rd2 Nf4 39. Bg1 Ne6 40. Bf2 Bc6 41. Ra5
Rf3+ 42. Bxf3 Rxf3+ 43. Kh2 Nf4 44. Bg3 Rf1 45. Bxf4 exf4 46. Ra7+ Kg6 47. h5+
Kg5 48. Rg7+ Kh4 49. Rg2 Rxc1 50. h6 Bxg2 51. Kxg2 Rc2+ 52. Kf3 Nxd3 53. g5 d5 0-1

[Event "London Classic Open 2017"]
[Site "London ENG"]
[Date "2017.12.09"]
[Round "9.100"]
[White "Tombolis, Christopher"]
[Black "Iraqui, Youssef"]
[Result "1/2-1/2"]
[WhiteElo "1799"]
[BlackElo "1932"]
[WhiteFideId "433691"]
[BlackFideId "9000666"]
[EventDate "2017.12.02"]

1. d4 f5 2. Nc3 Nf6 3. Bg5 d5 4. Bxf6 exf6 5. e3 Be6 6. Bd3 Qd7 7. Qf3 Nc6 8. a3
g6 9. Nge2 Ne7 10. Nf4 Bg7 11. h4 h5 12. O-O-O O-O-O 13. Bb5 c6 14. Ba4 Kb8 15.
Nd3 b6 16. Nb4 a5 17. Nd3 Nc8 18. Bb3 Nd6 19. Qe2 Bh6 20. Nf4 Ka7 21. Kb1 Rhe8
22. Qd2 Re7 23. Ba2 Qb7 24. g3 Rde8 25. Nd3 Rc7 26. Rhe1 Rb8 27. b3 Qa6 28. Qe2
Bf8 29. Kb2 Ne4 30. Nxe4 dxe4 31. Nf4 b5 32. c3 Rd7 33. Rd2 Qb7 34. Ra1 Be7 35.
b4 Bxa2 36. Rxa2 Rg8 37. Kb1 a4 38. Ne6 Re8 39. Nf4 Rg8 40. Rd1 Bd6 41. Ne6 Re7
42. Nc5 Bxc5 43. dxc5 Rd7 44. Rad2 Rgd8 45. Rd4 Qc7 46. Qa2 Rxd4 47. Rxd4 Qe7 1/2-1/2

[Event "London Classic Open 2017"]
[Site "London ENG"]
[Date "2017.12.09"]
[Round "9.101"]
[White "Tobianski, Fabian"]
[Black "Mohnblatt, Daniel"]
[Result "1/2-1/2"]
[WhiteElo "1909"]
[BlackElo "1734"]
[WhiteFideId "12952001"]
[BlackFideId "648582"]
[EventDate "2017.12.02"]

1. c4 e5 2. g3 Nf6 3. Bg2 Nc6 4. Nc3 Bc5 5. a3 Bd4 6. Nf3 Bxc3 7. bxc3 O-O 8. d4
d6 9. O-O h6 10. a4 Nh7 11. c5 Bg4 12. h3 Bh5 13. cxd6 cxd6 14. Ba3 Qa5 15. Bxd6
Rfd8 16. dxe5 Bxf3 17. Bxf3 Nxe5 18. Bb4 Nxf3+ 19. exf3 Qh5 1/2-1/2

[Event "London Classic Open 2017"]
[Site "London ENG"]
[Date "2017.12.09"]
[Round "9.102"]
[White "Marcos Herrero, Francisco"]
[Black "Dias, Savin"]
[Result "1-0"]
[WhiteElo "1897"]
[BlackElo "1723"]
[WhiteFideId "2279045"]
[BlackFideId "442399"]
[EventDate "2017.12.02"]

1. Nf3 Nf6 2. c4 e6 3. g3 b6 4. Bg2 Bb7 5. d4 Bb4+ 6. Nbd2 O-O 7. O-O Be7 8. Re1
d5 9. Ne5 Nbd7 10. f4 c5 11. e3 Qc7 12. b3 Ne8 13. Bb2 f6 14. Nd3 f5 15. Rc1 Rc8
16. Nf3 Nef6 17. Nfe5 Nxe5 18. Nxe5 Ne4 19. Qe2 Rfd8 20. Qh5 Bd6 21. Rc2 Bxe5
22. fxe5 Qe7 23. Ba3 Qf7 24. Qxf7+ Kxf7 25. Bxe4 dxe4 26. dxc5 bxc5 27. Kf2 Ke7
28. Ke2 Rc6 29. Rd1 Rxd1 30. Kxd1 g5 31. Rd2 h5 32. Kc2 Rc8 33. Kc3 Ba6 34. Rd6
Bb7 35. b4 Rc6 36. Rxc6 Bxc6 37. b5 Bb7 38. Bxc5+ Kd7 39. Bxa7 Kc7 40. a4 Bc8
41. a5 Kb7 42. Bc5 Bd7 43. Be7 g4 44. Bc5 Be8 45. Kb4 Bd7 46. Bd4 Bc8 47. Kc5
Bd7 48. Kd6 Bc8 49. c5 Kb8 50. c6 f4 51. exf4 1-0

[Event "London Classic Open 2017"]
[Site "London ENG"]
[Date "2017.12.09"]
[Round "9.103"]
[White "Islam, Mohammed"]
[Black "Mulay, Partha"]
[Result "1-0"]
[WhiteElo "1731"]
[BlackElo "1892"]
[WhiteFideId "10211870"]
[BlackFideId "436038"]
[EventDate "2017.12.02"]

1. d4 Nf6 2. Nf3 g6 3. Bf4 Bg7 4. e3 O-O 5. Bd3 d5 6. Nbd2 c6 7. c3 Nbd7 8. h3
Re8 9. g4 Qb6 10. Qc2 Nf8 11. Ne5 N6d7 12. Bg3 f6 13. Nxd7 Bxd7 14. f4 e5 15.
O-O-O c5 16. dxc5 Qxc5 17. Bf2 1-0

[Event "London Classic Open 2017"]
[Site "London ENG"]
[Date "2017.12.09"]
[Round "9.104"]
[White "Lovell, William Pm"]
[Black "Cole, James"]
[Result "1/2-1/2"]
[WhiteElo "1688"]
[BlackElo "1886"]
[WhiteFideId "431060"]
[BlackFideId "431818"]
[EventDate "2017.12.02"]

1. d4 Nf6 2. Nc3 d5 3. Bf4 g6 4. Qd2 Bg7 5. Bh6 O-O 6. Bxg7 Kxg7 7. O-O-O c6 8.
f3 b5 9. e4 dxe4 10. fxe4 b4 11. e5 bxc3 12. exf6+ exf6 13. Qxc3 Be6 14. Kb1 a5
15. Ne2 Qd6 16. Nc1 Nd7 17. Bc4 Bd5 18. Bxd5 cxd5 19. g3 Rfc8 20. Qd3 Nb6 21.
Nb3 Nd7 22. Rhf1 a4 23. Nd2 Rab8 24. Ka1 Rc6 25. c3 Qc7 26. Rf3 Qa5 27. Rdf1 Nb6
28. Rb1 Rbc8 29. Rc1 Na8 30. Nb1 Nc7 31. Na3 Ne6 32. h4 Rb6 33. Rcf1 Nf8 1/2-1/2

[Event "London Classic Open 2017"]
[Site "London ENG"]
[Date "2017.12.09"]
[Round "9.106"]
[White "Rushbrooke, Remy"]
[Black "Espinosa Cancino, Monica"]
[Result "1/2-1/2"]
[WhiteElo "1864"]
[BlackElo "1721"]
[WhiteFideId "443590"]
[BlackFideId "22253025"]
[EventDate "2017.12.02"]

1. Nf3 Nf6 2. g3 e6 3. Bg2 d5 4. O-O c5 5. d4 Nc6 6. c4 cxd4 7. Nxd4 Bc5 8. Nb3
Be7 9. cxd5 Nxd5 10. e4 Nf6 11. Nc3 O-O 12. Qe2 e5 13. Rd1 Qc7 14. Nd5 Qb8 15.
Be3 Re8 16. Nxe7+ Rxe7 17. Bc5 Rd7 18. h3 b6 19. Be3 Bb7 20. Bg5 Qd8 21. h4 h6
22. Bh3 Rd6 23. Rxd6 Qxd6 24. Rd1 Nd4 25. Nxd4 exd4 26. Bf4 Qc5 27. Rc1 Qa5 28.
f3 Qxa2 29. Rc7 Ba6 30. Qd2 Qb1+ 31. Kh2 Qd3 32. Qb4 Qxf3 33. Qe7 Qf2+ 34. Bg2
Rf8 35. Bd6 Nh7 36. Qd7 Bf1 37. Qh3 Bxg2 38. Qxg2 Qxg2+ 39. Kxg2 Rd8 40. e5 d3
41. Rxa7 d2 42. Ra1 Rc8 43. Rd1 Rc2 44. b4 1/2-1/2

[Event "London Classic Open 2017"]
[Site "London ENG"]
[Date "2017.12.09"]
[Round "9.107"]
[White "Dunn, Maxim"]
[Black "Kim, Changhoon"]
[Result "0-1"]
[BlackTitle "CM"]
[WhiteElo "1757"]
[BlackElo "1859"]
[WhiteFideId "456551"]
[BlackFideId "34117234"]
[EventDate "2017.12.02"]

1. c4 Nf6 2. g3 g6 3. Bg2 Bg7 4. Nc3 O-O 5. Nf3 d6 6. O-O e5 7. d4 Nc6 8. e4 Bg4
9. d5 Nd4 10. Be3 Nd7 11. Bxd4 exd4 12. Ne2 Bxf3 13. Bxf3 Qf6 14. Bg2 c5 15. Nf4
Ne5 16. b3 Rab8 17. Nd3 a6 18. f4 Nxd3 19. Qxd3 b5 20. Rae1 Qe7 21. Re2 Qc7 22.
Rfe1 Rfe8 23. h4 h5 24. Bh3 Bf6 25. Rc1 Qa5 26. g4 hxg4 27. Bxg4 Bxh4 28. Qh3
Bf6 29. Rh2 Rxe4 30. Qg3 Re3 31. Bf3 Rbe8 32. f5 Re1+ 33. Rxe1 Qxe1+ 34. Qxe1
Rxe1+ 35. Kf2 Ra1 36. fxg6 fxg6 37. Be4 Rxa2+ 38. Kg1 Rxh2 39. Kxh2 Kg7 40. Bd3
bxc4 41. Bxc4 a5 42. Kg3 Be5+ 43. Kg4 Kf6 44. Bd3 g5 45. Kf3 Bf4 46. Ke4 Bd2 47.
Be2 Bc3 48. Bd1 Bb4 49. Be2 Be1 50. Bd1 d3 51. Kxd3 Ke5 52. Kc4 Kf4 53. Kd3 g4
54. Ke2 Bc3 55. Kf2 Be5 56. Be2 g3+ 57. Kf1 Ke4 58. Bc4 Kd4 59. Ke2 Kc3 60. Ke1
Kb4 61. Ke2 a4 0-1

[Event "London Classic Open 2017"]
[Site "London ENG"]
[Date "2017.12.09"]
[Round "9.108"]
[White "Selkirk, Rebecca"]
[Black "Nyenhuis, Yannek"]
[Result "1/2-1/2"]
[WhiteElo "1747"]
[BlackElo "1847"]
[WhiteFideId "14306514"]
[BlackFideId "16231538"]
[EventDate "2017.12.02"]

1. e4 e6 2. d4 d5 3. Nc3 Nf6 4. e5 Nfd7 5. Nce2 c5 6. c3 Nc6 7. f4 Be7 8. Nf3
cxd4 9. cxd4 Qb6 10. g3 O-O 11. Bh3 Na5 12. O-O Qd8 13. f5 exf5 14. Bxf5 Nb6 15.
Bc2 Bh3 16. Rf2 Rc8 17. Qd3 g6 18. Qd2 Nd7 19. Ba4 Nc6 20. Qh6 Bf5 21. Bb5 Nb4
22. Nf4 Be4 23. a3 Bxf3 24. Rxf3 Bg5 25. Qh3 Nc6 26. Rd3 Nb6 1/2-1/2

[Event "London Classic Open 2017"]
[Site "London ENG"]
[Date "2017.12.09"]
[Round "9.109"]
[White "Fernandez Aransay, Fernando"]
[Black "Cotter, Len"]
[Result "1/2-1/2"]
[WhiteElo "1838"]
[BlackElo "1700"]
[WhiteFideId "2216280"]
[BlackFideId "431419"]
[EventDate "2017.12.02"]

1. e4 e6 2. d4 d5 3. exd5 Qxd5 4. c4 Qd8 5. Nf3 Nf6 6. Bd3 g6 7. O-O Bg7 8. Nc3
O-O 9. Bg5 h6 10. Be3 Nc6 11. a3 a6 12. Qd2 Kh7 13. Rad1 Ng4 14. Qc2 Nxe3 15.
fxe3 f5 16. d5 Ne5 17. Nxe5 Bxe5 18. dxe6 Qg5 19. Nd5 Bxe6 20. Nf4 Bd7 21. Be4
Rf7 22. Bf3 c6 23. Qd2 Re8 1/2-1/2

[Event "London Classic Open 2017"]
[Site "London ENG"]
[Date "2017.12.09"]
[Round "9.110"]
[White "Crismann, Alessandro Claudio"]
[Black "Thatte, Nishchal"]
[Result "1-0"]
[WhiteTitle "FM"]
[WhiteElo "1821"]
[BlackElo "1617"]
[WhiteFideId "14302870"]
[BlackFideId "447234"]
[EventDate "2017.12.02"]

1. e4 e5 2. Nf3 Nc6 3. d4 exd4 4. Bc4 Bc5 5. c3 Nf6 6. e5 Ne4 7. Bd5 f5 8. cxd4
Bb4+ 9. Nbd2 Nxd2 10. Bxd2 Bxd2+ 11. Qxd2 Ne7 12. Bb3 c6 13. Qg5 g6 14. Qf6 Rf8
15. Qg7 Qa5+ 16. Kf1 Qb5+ 17. Kg1 a5 18. Ng5 Nd5 19. Nxh7 Rf7 20. Qxg6 a4 21.
Bxd5 Qxd5 22. Ng5 a3 23. b3 b6 24. Qxf7+ Qxf7 25. Nxf7 Kxf7 26. f4 Ra5 27. Kf2
Rd5 28. Ke3 Ba6 29. Rac1 Ke6 30. h3 c5 31. Rhd1 cxd4+ 32. Rxd4 Bb7 33. Rxd5 Bxd5
34. Rc2 Be4 35. Rd2 Bb1 36. g4 b5 37. g5 Be4 38. h4 Bc6 39. h5 Kf7 40. Rd6 Ke7
41. h6 Kf7 42. g6+ Kg8 43. Rf6 Be4 44. h7+ Kg7 45. Rf8 Kxf8 46. h8=Q+ Ke7 47.
Qf6+ Ke8 48. g7 d5 49. g8=R+ Kd7 50. Rg7+ Ke8 51. Qe7# 1-0

[Event "London Classic Open 2017"]
[Site "London ENG"]
[Date "2017.12.09"]
[Round "9.111"]
[White "Neatherway, A Philip"]
[Black "Haddock, Paul"]
[Result "1-0"]
[WhiteElo "1806"]
[BlackElo "1576"]
[WhiteFideId "418854"]
[BlackFideId "419150"]
[EventDate "2017.12.02"]

1. e4 c5 2. Nf3 Nc6 3. d4 cxd4 4. Nxd4 Nf6 5. Nc3 d6 6. Bg5 a6 7. Be2 Bd7 8. O-O
Qc7 9. a4 b6 10. Re1 e6 11. Kh1 Be7 12. Qd2 O-O 13. Rad1 Bc8 14. Nxc6 Qxc6 15.
e5 Nd5 16. Bxe7 Nxe7 17. exd6 Bb7 18. Bf3 Nd5 19. Nxd5 exd5 20. Bxd5 Qxd5 21.
Qxd5 Bxd5 22. Rxd5 Rfe8 23. Rxe8+ Rxe8 24. g3 Rd8 25. d7 Kf8 26. Rd6 b5 27. axb5
axb5 28. Kg2 Ke7 29. Rb6 Rxd7 30. Rxb5 Rd2 31. c4 Kd6 32. Rb7 Ke6 33. b4 1-0

[Event "London Classic Open 2017"]
[Site "London ENG"]
[Date "2017.12.09"]
[Round "9.112"]
[White "Solli, Oddvar"]
[Black "Rushbrooke, Tibo"]
[Result "1-0"]
[WhiteElo "1784"]
[BlackElo "1570"]
[WhiteFideId "1501208"]
[BlackFideId "433900"]
[EventDate "2017.12.02"]

1. Nf3 d5 2. c4 d4 3. g3 c5 4. Bg2 Nc6 5. O-O g6 6. d3 Bg7 7. e3 Nf6 8. exd4
cxd4 9. Re1 O-O 10. Na3 Re8 11. Nc2 a5 12. Bf4 Nd7 13. Qd2 e5 14. Bg5 Qc7 15.
Nfxd4 Nxd4 16. Nxd4 Nb6 17. Nb5 Qc5 18. Be3 Qe7 19. Bxb6 Bf5 20. Nc7 Rad8 21.
Nd5 1-0

[Event "London Classic Open 2017"]
[Site "London ENG"]
[Date "2017.12.09"]
[Round "9.113"]
[White "Mc Aleenan, Charles"]
[Black "Perez Bolanos, Joel"]
[Result "1-0"]
[WhiteElo "1762"]
[BlackElo "1519"]
[WhiteFideId "2461617"]
[BlackFideId "24564419"]
[EventDate "2017.12.02"]

1. d4 Nf6 2. Nc3 d5 3. Bf4 c6 4. e3 Bf5 5. f3 e6 6. g4 Bg6 7. h4 h5 8. g5 Nfd7
9. Bd3 Bxd3 10. Qxd3 Nb6 11. Nge2 Bd6 12. e4 Bxf4 13. Nxf4 Qc7 14. e5 Na6 15. a3
O-O-O 16. g6 Qe7 17. gxf7 Qxf7 18. Ng6 Rh6 19. Rg1 c5 20. b3 c4 21. bxc4 Nxc4
22. Ne2 Nc7 23. Nef4 Nb5 24. a4 Nba3 25. Rxa3 Nxa3 26. Qxa3 Kb8 27. Kd2 Rhh8 28.
Qe7 Qxe7 29. Nxe7 Rhf8 30. Nxe6 Rde8 31. Nxf8 Rxe7 32. Ng6 Rf7 33. e6 Rf6 34. e7
Re6 35. Re1 1-0